00569nam a2200169 i 450000100060000000300090000600500170001500700030003200800410003510000280007624500500010426000370015430000370019185200320022899900170026095201220027796739ES-MaACL20230906181952.0t|050630s1973 sp ||||1| spa d1 aManera, Domingo.97598010aCurso rápido de dibujo / cDomenico Manera. aBarcelona : bDe Vecchi, c1973. a279 p. con 111 lám. ; c19 cm. aES-MaACLjC-56170 bR.88139 c96739d96739 00104070aATENEOMbATENEOMcDEPO2d2008-01-17eSCl0oC-56170p1100994r2023-02-23 00:00:00w2023-02-23yMONOGRAFIA